Refugees : (Record no. 2325)

MARC details
000 -LEADER
fixed length control field 00891cam a2200277 a 4500
001 - CONTROL NUMBER
control field 13968408
003 - CONTROL NUMBER IDENTIFIER
control field GBCCL
005 - DATE AND TIME OF LATEST TRANSACTION
control field 20241126110426.0
008 - FIXED-LENGTH DATA ELEMENTS--GENERAL INFORMATION
fixed length control field 041108s2004 ii b 001 0 eng
010 ## -
-- 2004307937
020 ## - INTERNATIONAL STANDARD BOOK NUMBER
International Standard Book Number 8172147945
040 ## - CATALOGING SOURCE
Original cataloging agency DLC
Transcribing agency DLC
042 ## -
-- lcode
043 ## -
-- a-ii---
-- a-cc-ti
050 00 -
-- KNS2155.R43
-- S83 2004
082 ## - DEWEY DECIMAL CLASSIFICATION NUMBER
Classification number 261.8328
Item number REF
245 10 - TITLE STATEMENT
Title Refugees :
Statement of responsibility, etc. compiled by N. Subramanya.
Remainder of title right to freedom of expression and communication, a legal handbook
260 ## - PUBLICATION, DISTRIBUTION, ETC.
Place of publication, distribution, etc. New Delhi :
Name of publisher, distributor, etc. WACCO/ ISPCK
Date of publication, distribution, etc. 2004
300 ## - PHYSICAL DESCRIPTION
Extent 337p. ;
Dimensions 22 cm.
520 ## - SUMMARY, ETC.
Summary, etc. Study with special reference to Tibetan refugees in India.
650 #0 - SUBJECT ADDED ENTRY--TOPICAL TERM
Topical term or geographic name entry element Political refugees
General subdivision Legal status, laws, etc.
Geographic subdivision India.
9 (RLIN) 4815
650 #0 - SUBJECT ADDED ENTRY--TOPICAL TERM
Topical term or geographic name entry element Human rights.
9 (RLIN) 4816
906 ## - LOCAL DATA ELEMENT F, LDF (RLIN)
a 7
b cbc
c origode
d 2
e ncip
f 20
g y-gencatlg
942 ## - ADDED ENTRY ELEMENTS (KOHA)
Source of classification or shelving scheme Dewey Decimal Classification
Koha item type Books
Koha issues (borrowed), all copies 2
Holdings
Withdrawn status Lost status Source of classification or shelving scheme Damaged status Not for loan Home library Current Library Shelving location Date acquired Total checkouts Full call number Barcode Date last seen Date last checked out Copy number Price effective from Koha item type
    Dewey Decimal Classification     GRACE BIBLE COLLEGE GRACE BIBLE COLLEGE Ministry & Mission 2017-08-03 2 261.8328 REF 006773 2025-05-01 2021-03-19 c.1 2017-08-03 Books
© Grace Bible College Library 2025